Statistics for International last names

Click here to take the quiz!

General Stats

  • This quiz has been taken 73 times
    (39 since last reset)
  • The average score is 7 of 14

Answer Stats

HintAnswer% Correct
Almost %50 of all Vietnamese people have this surnameNguyen
72%
Every Icelandic male surnames end with thisSon
72%
If this prefix is presented, it is an Irish surnameO
69%
Standardised surname of Sikh males, meaning "lion"Singh
59%
Most popular suffix for polish surnames, three letter longSki
59%
Most common Chinese family name, meaning "king"Wang
56%
German version of English surname "smith"Schmidt
50%
Female version of the aboveDottir
47%
Hebrew version of the aboveBen
44%
Nearly all Armenian surnames end with thisYan
44%
Presented in Arabic surnames, meaning "son of "Bin
41%
If an Indian person has this surname, it is easy to guess he is of Muslim backgroundKhan
34%
People of this country do not use surnamesIndonesia
19%
Female version of the above, meaning "princess"Kaur
19%

Score Distribution

Percentile by Number Answered

Percent of People with Each Score

Your Score History

You have not taken this quiz since the last reset